| 000 | 00692nam a22001697a 4500 | ||
|---|---|---|---|
| 999 |
_c20280 _d20280 |
||
| 008 | 240513b ||||| |||| 00| 0 eng d | ||
| 020 | _a1565180412 | ||
| 082 |
_21994 _aDFil 370.11409599 _bV23 |
||
| 245 |
_aValues in Philippine culture and education : _bPhilippine philosophical studies, I / _cedited by Manuel B. Dy. |
||
| 260 |
_aWashington, D.C. : _bThe Council for Research in Values and Philosophy, _c©1994. |
||
| 300 |
_avii, 214 pages : _billustrations ; _c23 cm. |
||
| 500 | _aincludes bibliography, references, and index. | ||
| 650 |
_aMoral education _zPhilippines. _957308 |
||
| 650 |
_aValues, Filipino. _97812 |
||
| 650 |
_aPhilosophy, Philippine. _957309 |
||
| 942 |
_2ddc _cDFIL |
||